00724nam a2200205 a 450000100100000000500170001000800410002702000150006804000250008308200150010810000290012324000220015224500790017425000130025326000320026650000550029870000350035395201130038899900170050100004071320201002034326.0130905s2003 sp ac 001 0 spa d a8428212872 aDO-SdBNPbspacBNPHU axxxxbxxxx1 aLangford, Michael96710110aBasic photography10aFotografía Básica. /cMichael Langford; traducción, Frances Rosés. a7ma. ed. aBarcelona, :bOmega,c2003. aLa biblioteca posee la 1ra. reimpresión del 20071 aRosés, Francesetrad.967102 001050718MOaGRbGRcCTd2013-09-05iLF1l0oxxxx xxxxp40713-10r2020-06-25w2020-06-25y1ZNo se presta c40203d40203